Dane a účtovníctvo v praxi odborný mesačník

Salvato in:
Dettagli Bibliografici
Natura: Periodico
Lingua:slovacco
Pubblicazione: Bratislava Wolters Kluwer
Soggetti:
Tags: Aggiungi Tag
Nessun Tag, puoi essere il primo ad aggiungerne!!

MARC

LEADER 00000nas1a2200000 4500
001 s122032
005 20260311110908.1
022 |a 1335-7034 
022 |a 1338-175X 
041 0 |a slo 
044 |a SK 
245 1 0 |a Dane a účtovníctvo v praxi  |b odborný mesačník 
264 1 |a Bratislava  |b Wolters Kluwer 
610 2 0 |a dane 
610 2 0 |a odvody 
610 2 0 |a poplatky správne 
610 2 0 |a účtovníctvo 
610 2 0 |a právo daňové